Statistics for 2021 Stanley Cup Playoffs

Click here to take the quiz!

General Stats

  • This quiz has been taken 516 times
  • The average score is 13 of 16

Answers on the Map

Answers color-coded by a green-red scale on the quiz's map according to % correct below.
 

Answer Stats

Team% Correct
Tampa Bay Lightning
96%
Montreal Canadiens
92%
Toronto Maple Leafs
91%
Edmonton Oilers
87%
Vegas Golden Knights
87%
New York Islanders
85%
Colorado Avalanche
84%
Boston Bruins
83%
Pittsburgh Penguins
82%
Winnipeg Jets
82%
Washington Capitals
76%
Carolina Hurricanes
74%
St. Louis Blues
73%
Minnesota Wild
70%
Florida Panthers
68%
Nashville Predators
67%

Score Distribution

Percentile by Number Answered

Percent of People with Each Score

Your Score History

You have not taken this quiz